000 00253nam a2200097Ia 4500
001 719582
005 20250826163045.0
008 250824s9999 xx 000 0 und d
245 0 _aHERCULE ÜN ON İKİ GÖREVİ
_cAGATHA CHRISTIE
260 _bALTIN KİTAPLAR
999 _c719582
_d719582